Welcome to the Holygrace Academy Library

Please use search bar below to get started

THE FIRST PRIZE CARROT (Record no. 7509)

MARC details
000 -LEADER
fixed length control field 00281nam a22001217a 4500
082 ## - DEWEY DECIMAL CLASSIFICATION NUMBER
Classification number 823
Item number CON/T
100 ## - MAIN ENTRY--AUTHOR NAME
Personal name CONELLY, NEIL
245 ## - TITLE STATEMENT
Title THE FIRST PRIZE CARROT
260 ## - PUBLICATION, DISTRIBUTION, ETC. (IMPRINT)
Place of publication UNITED STATES
Name of publisher OTTENHEIMER
Year of publication 1994
300 ## - PHYSICAL DESCRIPTION
Number of Pages 10
650 ## - SUBJECT ADDED ENTRY--TOPICAL TERM
Topical Term ENGLISH STORY
Geographic subdivision UNITED STATES
942 ## - ADDED ENTRY ELEMENTS (KOHA)
Koha item type Books
Holdings
Withdrawn status Lost status Collection code Home library Current library Date acquired Source of acquisition Full call number Accession Number Koha item type
Withdrawn Damaged Item Fiction Main Library Main Library 07/03/2002 purchase 823 CON/T 00620 Books